000 00445nam a22001817a 4500
005 20180719164132.0
008 160526b xxu||||| |||| 00| 0 eng d
020 _a0-07-061055-X
041 _aeng
082 _b5328
_a658.1599
100 _aAPTE, P.G.
_91160
245 _aInternational Financial Management
250 _a4th Ed.
260 _aNew Delhi
_bAcademic Faundation
300 _a649p,
650 _aManagement
_9241
942 _cBK
999 _c1879
_d1878